000
00322nam a2200121Ia 4500
008
151213s9999 xx 000 0 und d
245
_a
Centers for International Business Education & Research
260
_b
University of Hawai Ciber
_c
1995
300
_a
3000 p.
650
_a
Business
650
_a
Education
999
_c
2087
_d
2087